000 00566nam a2200169 a 4500
001 000012291
005 20200929162800.0
008 091110s1989 cu 000 f spa d
040 _aDO-SdBNP
_bspa
_cBNPHU
082 _aCu863.44
_bM994c
100 1 _aMuzio, María del C.
_d1947-
_q(María del Carmen Muzio Zarranz),
_928948
245 1 3 _aEl camafeo negro /
_cMaría del Carmen Muzio Zarranz.
260 _aLa Habana, (Cuba) :
_bCapitán San Luis,
_c1989.
300 _a166 p. ;
_c18 cm.
650 4 _aNovela cubana
_92316
650 4 _aLiteratura cubana
_ySIGLO XX
_99186
999 _c11948
_d11948